Welcome to CU Library Online Public Access Catalogue (OPAC)

He gave gifts unto men : (Record no. 7501)

MARC details
000 -LEADER
fixed length control field 00718cam a2200229 a 4500
001 - CONTROL NUMBER
control field 3472730
005 - DATE AND TIME OF LATEST TRANSACTION
control field 20250910103454.0
008 - FIXED-LENGTH DATA ELEMENTS--GENERAL INFORMATION
fixed length control field 930105s1992 oku 000 0 eng
020 ## - INTERNATIONAL STANDARD BOOK NUMBER
International Standard Book Number 0892765178
020 ## - INTERNATIONAL STANDARD BOOK NUMBER
International Standard Book Number 9780892765171
050 00 - LIBRARY OF CONGRESS CALL NUMBER
Classification number BV601.2
Item number .H34 1992
082 00 - DEWEY DECIMAL CLASSIFICATION NUMBER
Classification number 262/.1
Edition information 20
100 1# - MAIN ENTRY--PERSONAL NAME
Personal name Hagin, Kenneth E.,
Dates associated with a name 1917-2003.
245 10 - TITLE STATEMENT
Title He gave gifts unto men :
Remainder of title a biblical perspective of apostles, prophets, and pastors /
Statement of responsibility, etc. Kenneth E. Hagin.
260 ## - PUBLICATION, DISTRIBUTION, ETC.
Place of publication, distribution, etc. Tulsa, OK :
Name of publisher, distributor, etc. Faith Library Publications,
Date of publication, distribution, etc. c1992.
300 ## - PHYSICAL DESCRIPTION
Extent 276 p. ;
Dimensions 22 cm.
650 #0 - SUBJECT ADDED ENTRY--TOPICAL TERM
Topical term or geographic name entry element Apostolate (Christian theology)
650 #0 - SUBJECT ADDED ENTRY--TOPICAL TERM
Topical term or geographic name entry element Prophecy
General subdivision Christianity.
650 #0 - SUBJECT ADDED ENTRY--TOPICAL TERM
Topical term or geographic name entry element Clergy
General subdivision Office.
650 #0 - SUBJECT ADDED ENTRY--TOPICAL TERM
Topical term or geographic name entry element Church polity.
942 ## - ADDED ENTRY ELEMENTS (KOHA)
Source of classification or shelving scheme Library of Congress Classification
Koha item type Books
Suppress in OPAC No
999 ## -
-- 7501
-- 7501
Holdings
Withdrawn status Lost status Source of classification or shelving scheme Damaged status Not for loan Collection Home library Current library Shelving location Date acquired Total checkouts Barcode Date last seen Copy number Price effective from Koha item type
    Library of Congress Classification     Non-fiction Undergraduate Library (Christ Temple) Undergraduate Library (Christ Temple) General stacks 09/10/2025   ulct00004683 09/10/2025 1 09/10/2025 Books
© 2023-2024 Copyright: Central University Libraries. All Rights Reserved | Created by: Mahone Tech Office